000
00183nam a2200085 4500
001
1244303
005
20251020115915.0
245
_a
PARAMPARÇA
_c
KARIN SLAUGHTER
260
_b
KIRMIZI KEDİ
999
_c
1244303
_d
1244303